Statistiques concernant Pays accueillant les 100 gares les plus fréquentées du monde

Cliquez ici pour prendre le quiz!

Statistiques générales

  • Ce quiz a été pris 143 fois
  • Le résultat moyen est 9 sur 10

Statistiques - réponses

PaysContinentNombres de Gares% Correct
ChineAsie1
99%
FranceEurope3
99%
AllemagneEurope7
98%
JaponAsie82
98%
ItalieEurope2
97%
Royaume UniEurope1
93%
Corée du SudAsie1
81%
Pays BasEurope1
77%
SuisseEurope1
74%
TaïwanAsie1
41%

Distribution des résultats

Percentile par nombre de réponses

% des personnes avec chaque résultat

Votre développement - résultats

Vous n’avez pas pris ce quiz